Sports Quiz

Random Sports Quiz

Pro Sports Mascots Quiz Stats

 Plays Quiz not verified by Sporcle

Score 0/105 Timer 18:00
0 Plays Today
Mascot Team % Correct
Mr. MetNew York Mets
71.2%
_____ PhanaticPhiladelphia Phillies
69.2%
Wally the Green MonsterBoston Red Sox
65.4%
Mr. RedlegsCincinnati Reds
61.5%
Lucky the LeprechaunBoston Celtics
61.5%
GrizzMemphis Grizzlies
61.5%
The RaptorToronto Raptors
61.5%
Billy BuffaloBuffalo Bills
61.5%
_____ ParrotPittsburgh Pirates
59.6%
Blaze the Trail CatPortland Trail Blazers
59.6%
Jaxson de VilleJacksonville Jaguars
59.6%
G-WizWashington Wizards
57.7%
Steely McBeamPittsburgh Steelers
57.7%
K.C. WolfKansas City Chiefs
57.7%
Rocky the Mountain LionDenver Nuggets
53.8%
Go the GorillaPhoenix Suns
53.8%
BoltmanSan Diego Chargers
53.8%
_____ MooseSeattle Mariners
51.9%
Pat _____New England Patriots
51.9%
Lou SealSan Francisco Giants
50%
Stuff the _____ DragonOrlando Magic
48.1%
Bernie______Milwaukee Brewers
46.2%
Swinging FriarSan Diego Padres
46.2%
Sir PurrCarolina Panthers
46.2%
SwoopPhiladelphia Eagles
46.2%
N.J. _____New Jersey Devils
46.2%
S.J. SharkieSan Jose Sharks
46.2%
The BirdBaltimore Orioles
44.2%
FredbirdSt Louis Cardinals
44.2%
RaymondTampa Bay Rays
44.2%
Captain FearTampa Bay Buccaneers
44.2%
PawsDetroit Tigers
42.3%
SkyhawkAtlanta Hawks
42.3%
T.C. BearMinnesota Twins
40.4%
Benny & Lil' BennyChicago Bulls
40.4%
Mascot Team % Correct
BurnieMiami Heat
40.4%
Crunch the WolfMinnesota Timberwolves
40.4%
PoeBaltimore Ravens
40.4%
RoaryDetroit Lions
40.4%
GumboNew Orleans Saints
38.5%
Al the OctopusDetroit Red Wings
38.5%
AceToronto Blue Jays
36.5%
Billy the ______Florida Marlins
36.5%
Toro Houston Texans
36.5%
Slamson the LionSacramento Kings
34.6%
IceburghPittsburgh Penguins
34.6%
SabretoothBuffalo Sabres
34.6%
D. Baxter the BobcatArizona Diamondbacks
32.7%
Rufus D. LynxCharlotte Bobcats
32.7%
Hooper the HorseDetroit Pistons
32.7%
Blue Indianapolis Colts
32.7%
SliderCleveland Indians
30.8%
MilesDenver Broncos
30.8%
Sourdough SamSan Francisco 49ers
30.8%
ThrashAtlanta Thrashers
30.8%
DingerColorado Rockies
28.8%
Junction JackHouston Astros
28.8%
SluggerrrKansas City Royals
28.8%
StomperOakland Athletics
28.8%
BangoMilwaukee Bucks
28.8%
Fin the WhaleVancouver Canucks
28.8%
ThunderbugTampa Bay Lightning
28.8%
Youppi!Montreal Canadiens
28.8%
_____ CaptainTexas Rangers
26.9%
SouthpawChicago White Sox
26.9%
Clutch the BearHouston Rockets
26.9%
Rumble the BisonOklahoma City Thunder
26.9%
T-RacTennessee Titans
26.9%
Howler the ______Phoenix Coyotes
26.9%
_____ BearUtah Jazz
25%
Mascot Team % Correct
Who DeyCincinnati Bengals
25%
Louie St Louis Blues
25%
StormyCarolina Hurricanes
25%
TommyhawkChicago Blackhawks
25%
HomerAtlanta Braves
23.1%
ScreechWashington Nationals
23.1%
The CoyoteSan Antonio Spurs
23.1%
Hugo the _____New Orleans Hornets
23.1%
Bernie the St. BernardColorado Avalanche
23.1%
MoondogCleveland Cavaliers
21.2%
Hip-Hop the RabbitPhiladelphia 76ers
21.2%
Staley the ______Chicago Bears
21.2%
RowdyDallas Cowboys
21.2%
BaileyLos Angeles Kings
21.2%
GnashNashville Predators
21.2%
Harvey the HoundCalgary Flames
21.2%
NordyMinnesota Wild
21.2%
Sparky the DragonNew York Islanders
21.2%
SpartacatOttawa Senators
21.2%
StingerColumbus Blue Jackets
21.2%
Boomer & BowserIndiana Pacers
19.2%
T.D.Miami Dolphins
19.2%
Freddie _____Atlanta Falcons
19.2%
RagnarMinnesota Vikings
19.2%
ChompsCleveland Browns
19.2%
Blades the _____Boston Bruins
19.2%
ChampDallas Mavericks
17.3%
Sly the Silver FoxNew Jersey Nets
17.3%
Big RedArizona Cardinals
17.3%
SlapshotWashington Capitals
17.3%
WildwingAnaheim Ducks
17.3%
Carlton the BearToronto Maple Leafs
15.4%
Stanley C. ______Florida Panthers
15.4%
BlitzSeattle Seahawks
13.5%
RampageSt Louis Rams
13.5%

You're not logged in!

Compare scores with friends on all Sporcle quizzes.
OR
Log In

Show Comments

Extras

Created Nov 28, 2010SourceReportNominate
Tags:league, mascot, pro, team

Top Quizzes Today


Score Distribution

Your Account Isn't Verified!

In order to create a playlist on Sporcle, you need to verify the email address you used during registration. Go to your Sporcle Settings to finish the process.

Report this User

Report this user for behavior that violates our Community Guidelines.

Details: